female singers by songs - Statistics

General Stats
  • This quiz has been taken 107 times
  • The average score is 19 of 36
Answer Stats
songs singer % Correct
Shake it off, Willow, Lover Taylor swift
96%
million reasons, stupid love, poker face Lady Gaga
88%
malibu, younger now, wrecking ball Miley Cyrus
86%
umbrella, disturbia, fourfive seconds Rihanna
82%
halo, crazy in love, lemonade Beyonce
81%
cheap thrills, chandlier, elastic heart Sia
79%
Side to side, Problem, Break free Ariana Grande
78%
Therefore i am, bad guy, Everything i wanted Billie Eilish
78%
chained to the rhythm, never really over, firework Katy Perry
78%
i surrender, my heart will go on, all by myself Celine Dion
71%
crying in the club, senorita, havana, liar Camila Cabello
70%
don't start now, future nostalgia, new rules Dua Lipa
68%
superbass, starships, anaconda Nicki minaj
68%
call me maybe, good time, run away with me Carly Rae Jepsen
67%
marvin gaye, all about that bass, no, dear future husband Meghan Trainor
67%
Drivers license, good 4 you, brutal Olivia Rodrigo
65%
just like fire, a million dreams, just give me a reason Pink
62%
Greenlight, Royals, Yellow flicker beat Lorde
60%
burn, i'm still falling for you, love me like you do Ellie goulding
56%
kings and the queens, sweet but pyscho, my head and my heart Ava Max
52%
dancing with the devil, heart attack, confident Demi Lovato
52%
Baila Conmigo, Rare, Look at her now Selena Gomez
51%
That's my Girl, Boss, Worth it, work from home Fifth Harmony
48%
Black magic, love me like you, shout out to my ex Little mix
44%
ciao adios, 2002, friends Anne Marie
37%
scars to your beautiful, out of love, stay Alessia Cara
35%
i would like, lush life, ruin my life Zara Larsson
34%
boom clap, blame it on your love, i love it, 1999 Charli xcx
33%
how you like that, ice cream, lovesick girls Blackpink
31%
Fight song, Shivers Rachel Platten
27%
don't be so hard on yourself, i'll be there, thursday, rather be Jess Glynne
26%
poison, for you, let you love me, our song Rita Ora
21%
anxiety, if the world was ending, i miss you Julia Michaels
19%
Thumbs, in my bed, Eyes wide open Sabrina Carpenter
19%
lazy baby, bloodshot, waste, remember me Dove Cameron
10%
Fools Gold, Love is the name, guess I'm a liar Sofia Carson
10%
No matching quizzes found
Score Distribution
Percent of People with Each Score
Percentile by Number Answered
Your Score History
You have not taken this quiz